Diamonds the real story (Record no. 5510)

MARC details
000 -LEADER
fixed length control field 00627nam a22001937a 4500
005 - DATE AND TIME OF LATEST TRANSACTION
control field 20250513162254.0
008 - FIXED-LENGTH DATA ELEMENTS--GENERAL INFORMATION
fixed length control field 250513b |||||||| |||| 00| 0 eng d
040 ## - CATALOGING SOURCE
Transcribing agency DepED Dasmarinas City
245 ## - TITLE STATEMENT
Title Diamonds the real story
250 ## - EDITION
Edition statement March 2002 Vol. 201 No. 3
490 ## - SERIES STATEMENT
SERIES STATEMENT National Geographic
520 ## - SUMMARY, ETC.
Summary, etc. Diamonds: The Real Story, Solo Across the Arctic, Down to a Handful, Danube River, Water World-the Danube Delta, Mother Bear Man, Golden Age Treasures, Murdreesboro,AR
650 ## - SUBJECT ADDED ENTRY--TOPICAL TERM
General subdivision DIAMONDS
650 ## - SUBJECT ADDED ENTRY--TOPICAL TERM
General subdivision BORGE OUSLAND TREK
650 ## - SUBJECT ADDED ENTRY--TOPICAL TERM
General subdivision DANUBE RIVER
650 ## - SUBJECT ADDED ENTRY--TOPICAL TERM
General subdivision DANUBE DELTA
650 ## - SUBJECT ADDED ENTRY--TOPICAL TERM
General subdivision GOLDEN AGE
942 ## - ADDED ENTRY ELEMENTS (KOHA)
Source of classification or shelving scheme Dewey Decimal Classification
Koha item type Continuing Resources
999 ## -
-- 5510
-- 5510
Holdings
Homebranch current branch Barcode
DepED Dasmarinas City DepED Dasmarinas City DSMSR032002-068